AH International Schools' Libraries

Avatar, the last airbender: (Record no. 49795)

MARC details
000 -LEADER
fixed length control field 01172pam a2200241 a 4500
001 - CONTROL NUMBER
control field 015952182
020 ## - INTERNATIONAL STANDARD BOOK NUMBER
International Standard Book Number 9781595828118
100 1# - MAIN ENTRY--PERSONAL NAME
Personal name Yang, Gene Luen.
9 (RLIN) 79373
245 10 - TITLE STATEMENT
Title Avatar, the last airbender:
Name of part/section of a work The promise /
Statement of responsibility, etc Gene Luen Yang; art and cover, Gurihiru; lettering, Michael Heisler.
260 ## - PUBLICATION, DISTRIBUTION, ETC. (IMPRINT)
Place of publication, distribution, etc Milwaukie, Or. :
Name of publisher, distributor, etc Dark Horse Books,
Date of publication, distribution, etc 2012.
300 ## - PHYSICAL DESCRIPTION
Extent 76 p.
Other physical details chiefly col. ill. ;
Dimensions 23 cm.
490 ## - SERIES STATEMENT
Series statement The last Airbender: the promise;
Volume number/sequential designation 1
500 ## - GENERAL NOTE
General note "Created by Bryan Konietzko, Michael Dante DiMartino"--Prelim.
500 ## - GENERAL NOTE
General note "Nickelodeon"--Cover.
520 ## - SUMMARY, ETC.
Summary, etc Picking up exactly where Avatar: The Last Airbender left off, The Promise takes Aang to a Fire Nation colony in the heart of the Earth Nation, where tensions between neighbors threaten to shatter the world's newfound peace-putting the Avatar on a collision course with one of his closest friends, FireLord Zuko.
650 #0 - SUBJECT ADDED ENTRY--TOPICAL TERM
Topical term or geographic name as entry element Heroes.
Form subdivision Comic books, strips, etc.
9 (RLIN) 86921
655 #0 - INDEX TERM--GENRE/FORM
Genre/form data or focus term Graphic novels.
700 1# - ADDED ENTRY--PERSONAL NAME
Personal name Gene Luen Yang.
9 (RLIN) 86922
700 1# - ADDED ENTRY--PERSONAL NAME
Personal name Heisler, Michael.
9 (RLIN) 86923
700 1# - ADDED ENTRY--PERSONAL NAME
Personal name Konietzko, Bryan.
9 (RLIN) 86924
700 1# - ADDED ENTRY--PERSONAL NAME
Personal name DiMartino, Michael Dante.
9 (RLIN) 86925
942 ## - ADDED ENTRY ELEMENTS (KOHA)
Source of classification or shelving scheme
Koha item type Books/GRAPHICS
Holdings
Withdrawn status Lost status Source of classification or shelving scheme Damaged status Not for loan Collection code Home library Current library Shelving location Date acquired Total Checkouts Full call number Barcode Date last seen Date checked out Price effective from Koha item type
          SECONDARY Asian Hope Secondary Library Asian Hope Secondary Library SECONDARY 11/20/2025 3 J GRAPHIX YAN PROMISE 1 208824 04/10/2026 03/06/2026 11/20/2025 Books/GRAPHICS

For any Logos Library related questions please contact Miss Art at swongnarasuk@asianhope.org.

For any Asian Hope Library related questions please contact Miss Raza at graza@asianhope.org.

Powered by Koha